Ilícitos tributarios en las leyes 11.683 y 23.771 (Registro nro. 7193)

Detalles MARC
000 -LEADER
fixed length control field 01282 a2200241 4500
001 - CONTROL NUMBER
control field 61063
005 - DATE AND TIME OF LATEST TRANSACTION
control field 20260407155901.0
008 - FIXED-LENGTH DATA ELEMENTS--GENERAL INFORMATION
fixed length control field 260407a1991 arg spa d
003 - CONTROL NUMBER IDENTIFIER
control field AR-UNSa-BCEJYS
040 ## - CATALOGING SOURCE
Original cataloging agency AR-UNSa-BCEJYS
Language of cataloging spa
Transcribing agency AR-UNSa-BCEJYS
080 ## - UNIVERSAL DECIMAL CLASSIFICATION NUMBER
Universal Decimal Classification number 343.359
Common auxiliary subdivision Delitos contra el fisco y otras autoridades administrativas (Derecho Penal Tributario, Delitos fiscales)
020 ## - INTERNATIONAL STANDARD BOOK NUMBER
International Standard Book Number 978-950-14-0623-8
041 ## - LANGUAGE CODE
Language code of text/sound track or separate title spa
100 1# - MAIN ENTRY--PERSONAL NAME
Personal name Gurfinkel de Wendy, Lilian N.
245 10 - TITLE STATEMENT
Title Ilícitos tributarios en las leyes 11.683 y 23.771
250 ## - EDITION STATEMENT
Edition statement 2a. ed.
264 #1 - PRODUCTION, PUBLICATION, DISTRIBUTION, MANUFACTURE, AND COPYRIGHT NOTICE
Place of production, publication, distribution, manufacture Buenos Aires :
Name of producer, publisher, distributor, manufacturer Ediciones Depalma
Date of production, publication, distribution, manufacture, or copyright notice 1991
300 ## - PHYSICAL DESCRIPTION
Extent xx, 348 p.
Dimensions 23 cm.
505 ## - FORMATTED CONTENTS NOTE
Formatted contents note 1. El ilícito tributario. Su ubicación en el marco del derecho público - 2. Derecho tributario penal. Su relación con otras ramas del derecho - 3. Sujetos infractores - 4. Intencionalidad - 5. Infractores y sanciones en la legislación tributaria - 6. Infracciones formales - 7. Infracciones materiales en la ley 11.683 - 8. La ley penal, tributaria - 9. Concurrencia de sanciones - 10. El procedimiento sumarial en la ley 11.683 - 11. El procedimiento para la clausura - 12. Aspectos procesales en la ley 23.771
590 ## - LOCAL NOTE (RLIN)
Local note niveau_biblio:m niveau_hierar:0
700 1# - ADDED ENTRY--PERSONAL NAME
Personal name Russo, Eduardo Ángel
942 ## - ADDED ENTRY ELEMENTS (KOHA)
Koha item type
Existencias
Withdrawn status Lost status Damaged status Not for loan Home library Current library Shelving location Date acquired Total checkouts Full call number Barcode Date last seen Price effective from Koha item type
        Biblioteca Prof. Eusebio Cleto del Rey Biblioteca Prof. Eusebio Cleto del Rey   07/04/2026   343.359 G978 2ed. L58800 07/04/2026 07/04/2026 Libro
        Biblioteca Prof. Eusebio Cleto del Rey Biblioteca Prof. Eusebio Cleto del Rey   07/04/2026   343.359 G978 2ed. L58799 07/04/2026 07/04/2026 Libro